Born With a Beer in My Hand - Morgan Wallen Lyrics - Statistics

General Stats
  • This quiz has been taken 34 times
  • The average score is 234 of 294
Answer Stats
Lyric % Correct
a
100%
be
100%
hand
100%
I
100%
i
100%
in
100%
my
100%
and
94%
beer
94%
born
94%
do
94%
gonna
94%
i'm
94%
I'm
94%
it
94%
with
94%
any
88%
but
88%
can
88%
daddy
88%
day
88%
days
88%
death
88%
drank
88%
everybody
88%
Granddaddy
88%
into
88%
it's
88%
light
88%
me
88%
most
88%
night
88%
of
88%
on
88%
one
88%
Saturday
88%
says
88%
side
88%
the
88%
these
88%
time
88%
to
88%
turn
88%
want
88%
was
88%
when
88%
you
88%
cause
82%
hell
82%
if
82%
red
82%
sobriety
82%
what
82%
ain't
76%
back
76%
best
76%
expect
76%
from
76%
had
76%
handcuffs
76%
hangovers
76%
just
76%
mind
76%
mountains
76%
neck
76%
smile
76%
still
76%
that
76%
been
71%
between
71%
chillin
71%
don't
71%
have
71%
mean
71%
sayin
71%
saying
71%
since
71%
smoke
71%
through
71%
blue
65%
doing
65%
for
65%
good
65%
i've
65%
minute
65%
off
65%
paint
65%
picture
65%
swore
65%
were
65%
about
59%
buy
59%
mouth
59%
ones
59%
sing
59%
view
59%
yeah
59%
could
53%
hemlock
53%
henny
53%
no
53%
nothing
53%
wouldn't
53%
devil
47%
did
47%
down
47%
i'll
47%
never
47%
put
47%
redneck
47%
some
47%
them
47%
then
47%
well
47%
ago
41%
alive
41%
as
41%
puttin
41%
scars
41%
they
41%
trucks
41%
we'd
41%
years
41%
like
35%
little
35%
myself
35%
spent
35%
acted
29%
woah
24%
sitting
18%
even
6%
y'all
6%
No matching quizzes found
Score Distribution
Percent of People with Each Score
Percentile by Number Answered
Your Score History
You have not taken this quiz